Исследование скорости взаимодействия ильменита со фторидами аммония; Химия и химическая технология в XXI веке

מידע ביבליוגרפי
Parent link:Химия и химическая технология в XXI веке.— 2019.— [С. 409-410]
מחבר ראשי: Багдасарян Г. С.
מחבר תאגידי: Национальный исследовательский Томский политехнический университет Инженерная школа ядерных технологий Отделение ядерно-топливного цикла
מחברים אחרים: Кантаев А. С. Александр Сергеевич (научный руководитель)
סיכום:Заглавие с экрана
שפה:רוסית
יצא לאור: 2019
סדרה:Химическая технология редких элементов
נושאים:
גישה מקוונת:http://earchive.tpu.ru/handle/11683/55454
פורמט: אלקטרוני Book Chapter
KOHA link:https://koha.lib.tpu.ru/cgi-bin/koha/opac-detail.pl?biblionumber=629499

MARC

LEADER 00000naa2a2200000 4500
001 629499
005 20231226110016.0
035 |a (RuTPU)RU\TPU\conf\30147 
035 |a RU\TPU\conf\30138 
090 |a 629499 
100 |a 20190717d2019 k y0rusy50 ca 
101 0 |a rus 
102 |a RU 
105 |a y z 101zy 
135 |a drcn ---uucaa 
181 0 |a i  
182 0 |a b 
200 1 |a Исследование скорости взаимодействия ильменита со фторидами аммония  |f Г. С. Багдасарян  |g науч. рук. А. С. Кантаев 
203 |a Текст  |c электронный 
225 1 |a Химическая технология редких элементов 
300 |a Заглавие с экрана 
320 |a [Библиогр.: с. 410 (2 назв.)] 
463 0 |0 (RuTPU)RU\TPU\conf\29907  |t Химия и химическая технология в XXI веке  |o материалы XX Международной научно-практической конференции имени профессора Л. П. Кулёва студентов и молодых ученых, 20–23 мая 2019 г., г. Томск  |f Национальный исследовательский Томский политехнический университет  |v [С. 409-410]  |d 2019 
610 1 |a электронный ресурс 
610 1 |a труды учёных ТПУ 
610 1 |a скорость 
610 1 |a взаимодействие 
610 1 |a ильмениты 
610 1 |a фторид аммония 
610 1 |a минеральное сырье 
610 1 |a гетерогенные процессы 
700 1 |a Багдасарян  |b Г. С. 
702 1 |a Кантаев  |b А. С.  |c химик-технолог  |c доцент Томского политехнического университета, кандидат наук  |f 1981-  |g Александр Сергеевич  |4 727  |9 12916 
712 0 2 |a Национальный исследовательский Томский политехнический университет  |b Инженерная школа ядерных технологий  |b Отделение ядерно-топливного цикла  |3 (RuTPU)RU\TPU\col\23554 
801 2 |a RU  |b 63413507  |c 20190807  |g RCR 
856 4 |u http://earchive.tpu.ru/handle/11683/55454 
942 |c BK